Largest cities in Southern Africa - Statistics

General Stats
  • This quiz has been taken 84 times
  • The average score is 17 of 22
Answer Stats
Population Country Answer % Correct
4,000,000 South Africa Cape Town
100%
13,100,000 South Africa Johannesburg
100%
3,500,000 Ethiopia Addis Ababa
99%
7,450,000 Angola Luanda
99%
5,300,000 Kenya Nairobi
99%
12,800,000 DRC Kinshasa
97%
2,000,000 South Africa Pretoria
97%
2,200,000 Madagascar Antananarivo
95%
5,500,000 Tanzania Dar es Salaam
95%
1,900,000 Uganda Kampala
91%
3,200,000 South Africa Durban
90%
1,500,000 Zimbabwe Harare
87%
1,100,000 Mozambique Maputo
87%
2,100,000 Zambia Lusaka
85%
1,100,000 Rwanda Kigali
83%
850,000 Kenya Mombasa
78%
1,000,000 South Africa Port Elizabeth
73%
1,900,000 DRC Lubumbashi
59%
1,900,000 DRC Mbuji-Mayi
40%
1,200,000 Angola Huambo
23%
900,000 DRC Kananga
22%
900,000 South Africa Vereeniging
3%
No matching quizzes found
Score Distribution
Percent of People with Each Score
Percentile by Number Answered
Your Score History
You have not taken this quiz